[Event "Deutsche Ländermeisterschaft 2012"]
[Site "Hannover GER"]
[Date "2012.10.01"]
[Round "5"]
[White "Schulz, Jens"]
[Black "Graf, Felix"]
[Result "0-1"]
[Termination "normal"]
[Board "1.1"]
[WhiteTitle "20"]
[BlackTitle "20"]
[WhiteElo "2269"]
[BlackElo "2449"]
[WhiteTeam "Niedersachsen 1"]
[BlackTeam "Bayern"]
[PlyCount "56"]
[WhiteFideId "24675687"]
[BlackFideId "24608904"]
[EventCountry "GER"]
[EventRounds "7"]
[EventType "team-swiss"]
[EventDate "2012.09.28"]

1. e4 e6 2. d4 d5 3. Nc3 h6 4. exd5 exd5 5. Bd3 Nf6 6. Nge2 c5 7. dxc5 Bxc5 8.
O-O O-O 9. Bf4 Nc6 10. Qd2 d4 11. Ne4 Bb4 12. Qc1 Re8 13. N2g3 Nd5 14. Bxh6
gxh6 15. Qxh6 Re6 16. Qh5 Rg6 17. Bc4 Nf4 18. Qf3 Qh4 19. Qb3 Be6 20. Bxe6 fxe6
21. c3 d3 22. f3 Rh6 23. cxb4 Qxh2+ 24. Kf2 Nd4 25. Qc4 Nc2 26. Nf6+ Rxf6 27.
Qxf4 Rxf4 28. Rh1 Rxf3+ 0-1

[Event "Deutsche Ländermeisterschaft 2012"]
[Site "Hannover GER"]
[Date "2012.10.01"]
[Round "5"]
[White "Berchtenbreiter, Maximilian"]
[Black "Schreiner, Till"]
[Result "1/2-1/2"]
[Termination "normal"]
[Board "1.2"]
[WhiteTitle "18"]
[BlackTitle "18"]
[WhiteElo "2328"]
[BlackElo "2222"]
[WhiteTeam "Bayern"]
[BlackTeam "Niedersachsen 1"]
[PlyCount "51"]
[WhiteFideId "24641120"]
[BlackFideId "24675555"]
[EventCountry "GER"]
[EventRounds "7"]
[EventType "team-swiss"]
[EventDate "2012.09.28"]

1. e4 c5 2. Nf3 d6 3. d4 cxd4 4. Nxd4 Nf6 5. Nc3 a6 6. Bg5 e6 7. Qe2 Nbd7 8.
O-O-O Be7 9. f4 Qc7 10. g4 b5 11. Bg2 Bb7 12. e5 dxe5 13. fxe5 Nd5 14. Bxe7
Nxc3 15. bxc3 Kxe7 16. Bxb7 Qxb7 17. Rhf1 Qc7 18. Qe3 h6 19. g5 Rac8 20. g6
Rhf8 21. Qh3 Qxc3 22. Rd3 Qc4 23. Rf4 fxg6 24. Nf5+ Rxf5 25. Rxc4 Rxc4 26. Qg2
1/2-1/2

[Event "Deutsche Ländermeisterschaft 2012"]
[Site "Hannover GER"]
[Date "2012.10.01"]
[Round "5"]
[White "Weber, Daniel"]
[Black "Tennert, Simon"]
[Result "0-1"]
[Termination "normal"]
[Board "1.4"]
[WhiteTitle "16"]
[BlackTitle "16"]
[WhiteElo "1816"]
[BlackElo "2153"]
[WhiteTeam "Bayern"]
[BlackTeam "Niedersachsen 1"]
[PlyCount "72"]
[WhiteFideId "24615498"]
[BlackFideId "1270445"]
[EventCountry "GER"]
[EventRounds "7"]
[EventType "team-swiss"]
[EventDate "2012.09.28"]

1. d4 Nf6 2. Nf3 c5 3. e3 g6 4. Bd3 Bg7 5. O-O O-O 6. b3 b6 7. Bb2 Bb7 8. Nbd2
Nc6 9. c4 cxd4 10. exd4 d5 11. a3 Rc8 12. Rc1 Re8 13. Qc2 Nh5 14. c5 bxc5 15.
dxc5 e5 16. Bb5 a6 17. Ba4 Nf4 18. Rcd1 e4 19. Ne1 Nd4 20. Qb1 Bc6 21. Bxc6
Rxc6 22. b4 Qg5 23. Kh1 Nfe2 24. Nb3 Nxb3 25. Bxg7 Nd2 26. f4 Qh5 27. Rxd2 Ng3+
28. Kg1 Nxf1 29. Kxf1 Kxg7 30. Qb3 Qxh2 31. Qxd5 Rf6 32. Qd4 e3 33. Rc2 Qh1+
34. Ke2 Qg1 35. Rc4 Qf2+ 36. Kd1 Re4 0-1

[Event "Deutsche Ländermeisterschaft 2012"]
[Site "Hannover GER"]
[Date "2012.10.01"]
[Round "5"]
[White "Düssler, Stefanie"]
[Black "Bilchinski, Anton"]
[Result "1/2-1/2"]
[Termination "normal"]
[Board "1.5"]
[WhiteTitle "18w"]
[BlackTitle "14"]
[WhiteElo "1973"]
[BlackElo "1891"]
[WhiteTeam "Niedersachsen 1"]
[BlackTeam "Bayern"]
[PlyCount "88"]
[WhiteFideId "4634780"]
[BlackFideId "24615765"]
[EventCountry "GER"]
[EventRounds "7"]
[EventType "team-swiss"]
[EventDate "2012.09.28"]

1. e4 c5 2. Nf3 e6 3. d4 cxd4 4. Nxd4 a6 5. Bd3 Qc7 6. Qe2 d6 7. O-O Nf6 8. c4
Be7 9. Nc3 b6 10. Bd2 Bb7 11. f4 Nc6 12. Nxc6 Bxc6 13. e5 Nd7 14. exd6 Bxd6 15.
Ne4 Nc5 16. Nxd6+ Qxd6 17. Bc2 O-O 18. Bc3 f5 19. Rad1 Qe7 20. b4 Ne4 21. Be5
Rfc8 22. Bxe4 Bxe4 23. Rd6 a5 24. a3 axb4 25. axb4 Rd8 26. c5 bxc5 27. bxc5 Bd5
28. Rb1 Ra2 29. Rxd8+ Qxd8 30. Qxa2 Bxa2 31. Rb8 Qxb8 32. Bxb8 Bd5 33. g3 Kf7
34. Be5 g6 35. Kf2 Ke7 36. Ke3 Kd7 37. Kd4 Ke7 38. Bg7 h5 39. h4 Bf3 40. Ke5
Bd5 41. Bh6 Kd7 42. Kf6 Bf3 43. Kxg6 Kc6 44. Bf8 Kd7 1/2-1/2

[Event "Deutsche Ländermeisterschaft 2012"]
[Site "Hannover GER"]
[Date "2012.10.01"]
[Round "5"]
[White "Dürr, Florian"]
[Black "Diederichs, Luise"]
[Result "1-0"]
[Termination "normal"]
[Board "1.6"]
[WhiteTitle "12"]
[BlackTitle "16w"]
[WhiteElo "1920"]
[BlackElo "1827"]
[WhiteTeam "Bayern"]
[BlackTeam "Niedersachsen 1"]
[PlyCount "81"]
[WhiteFideId "24659134"]
[BlackFideId "24661597"]
[EventCountry "GER"]
[EventRounds "7"]
[EventType "team-swiss"]
[EventDate "2012.09.28"]

1. Nf3 Nf6 2. g3 g6 3. Bg2 Bg7 4. O-O d6 5. d4 O-O 6. c4 Nbd7 7. Nc3 c6 8. e4
e5 9. Re1 Re8 10. d5 cxd5 11. cxd5 b6 12. Bf1 Bb7 13. Nd2 Nc5 14. b4 Na6 15.
Qb3 Nc7 16. Nc4 Rc8 17. f3 Qe7 18. Be3 Nfxd5 19. exd5 Nxd5 20. Ne4 Nxe3 21.
Nxe3 Kh8 22. Rad1 Red8 23. Nd5 Qd7 24. a4 f5 25. Nec3 Rf8 26. Bb5 Qe6 27. Bc4
Qd7 28. Re2 h5 29. Bb5 Qe6 30. Bc4 Qd7 31. Red2 Rfd8 32. Bb5 Qe6 33. Bc4 Qd7
34. b5 Bxd5 35. Bxd5 Qc7 36. Bc6 f4 37. Ne4 Qe7 38. Rxd6 Rxd6 39. Rxd6 fxg3 40.
hxg3 Kh7 41. Rd7 1-0

[Event "Deutsche Ländermeisterschaft 2012"]
[Site "Hannover GER"]
[Date "2012.10.01"]
[Round "5"]
[White "Sieber, Fiona"]
[Black "Berger, Nadja"]
[Result "0-1"]
[Termination "normal"]
[Board "1.7"]
[WhiteTitle "12w"]
[BlackTitle "16w"]
[WhiteElo "1800"]
[BlackElo "1769"]
[WhiteTeam "Niedersachsen 1"]
[BlackTeam "Bayern"]
[PlyCount "56"]
[WhiteFideId "12902373"]
[BlackFideId "24692212"]
[EventCountry "GER"]
[EventRounds "7"]
[EventType "team-swiss"]
[EventDate "2012.09.28"]

1. e4 c5 2. f4 Nc6 3. Nf3 g6 4. Bb5 Bg7 5. Bxc6 bxc6 6. O-O d6 7. Nc3 e6 8. Qe2
Ne7 9. e5 Nd5 10. g3 Nxc3 11. dxc3 d5 12. a4 Qa5 13. Qf2 Rb8 14. Qe3 Bf8 15. b3
Be7 16. Ba3 O-O 17. Kg2 Re8 18. Rad1 Ba6 19. Rh1 d4 20. Qd2 dxc3 21. Qe3 Rbd8
22. Ng5 Bxg5 23. fxg5 c4 24. Qxa7 cxb3 25. Qf2 Qxa4 26. Bd6 Qe4+ 27. Kh3 Be2
28. Rhe1 Qg4+ 0-1

[Event "Deutsche Ländermeisterschaft 2012"]
[Site "Hannover GER"]
[Date "2012.10.01"]
[Round "5"]
[White "Schneider, Jana"]
[Black "Rätzke von Stoyentin, Steffen"]
[Result "0-1"]
[Termination "normal"]
[Board "1.8"]
[WhiteTitle "12w"]
[BlackTitle "12"]
[WhiteElo "1665"]
[BlackElo "1755"]
[WhiteTeam "Bayern"]
[BlackTeam "Niedersachsen 1"]
[PlyCount "102"]
[WhiteFideId "12924997"]
[BlackFideId "12907502"]
[EventCountry "GER"]
[EventRounds "7"]
[EventType "team-swiss"]
[EventDate "2012.09.28"]

1. e4 d6 2. d4 Nf6 3. Nc3 e5 4. Nf3 exd4 5. Nxd4 Nc6 6. Bc4 g6 7. h3 Bg7 8. Bg5
h6 9. Be3 O-O 10. Qd2 Nxd4 11. Bxd4 Re8 12. f3 d5 13. Bxf6 Bxf6 14. Qxd5 Bh4+
15. Kd1 Be6 16. Qxd8 Raxd8+ 17. Bd3 c5 18. Kc1 c4 19. Be2 Bg5+ 20. Kb1 Rd2 21.
Rd1 Red8 22. Rxd2 Rxd2 23. Bd1 Rxg2 24. a3 Bf6 25. Nd5 Bxd5 26. exd5 Rh2 27.
Ka2 Kf8 28. f4 Ke7 29. Rc1 Kd6 30. Bg4 h5 31. Bf3 Rxh3 32. Rf1 Rh2 33. Kb1 Rh3
34. c3 Bg7 35. a4 Rh2 36. Be4 Bh6 37. f5 g5 38. Rh1 Rxh1+ 39. Bxh1 b6 40. Bg2
g4 41. Kc2 Ke5 42. b3 cxb3+ 43. Kxb3 h4 44. c4 h3 45. Bf1 Kf4 46. d6 Bg5 47.
Kc3 Kf3 48. c5 bxc5 49. Bb5 g3 50. Kd3 g2 51. Bc6+ Kf2 0-1

[Event "Deutsche Ländermeisterschaft 2012"]
[Site "Hannover GER"]
[Date "2012.10.01"]
[Round "5"]
[White "Schmitt, Philipp"]
[Black "Geske, Julian"]
[Result "0-1"]
[Termination "normal"]
[Board "2.1"]
[WhiteTitle "20"]
[BlackTitle "20"]
[WhiteElo "2200"]
[BlackElo "2401"]
[WhiteTeam "Baden"]
[BlackTeam "Hessen 1"]
[PlyCount "136"]
[WhiteFideId "24641766"]
[BlackFideId "24605263"]
[EventCountry "GER"]
[EventRounds "7"]
[EventType "team-swiss"]
[EventDate "2012.09.28"]

1. e4 d5 2. exd5 Qxd5 3. Nc3 Qa5 4. d4 Nf6 5. Bc4 Bg4 6. f3 Bf5 7. Bd2 Qb6 8.
Nge2 e6 9. Ng3 Bg6 10. Qe2 Nc6 11. Na4 Qxd4 12. O-O-O O-O-O 13. Be3 Qe5 14.
Rxd8+ Kxd8 15. f4 Qa5 16. Bb5 a6 17. Bxc6 bxc6 18. Rd1+ Kc8 19. Qc4 Qb5 20. Qd4
Bd6 21. Nc3 Qb4 22. Qa7 Qb7 23. Qd4 Rd8 24. Qc4 Nd5 25. Bd2 Nxc3 26. Qxc3 Bf8
27. Re1 Qb5 28. Ne4 Qd5 29. Ng5 Qxa2 30. Qa5 Qxa5 31. Bxa5 Rd4 32. Bd2 Bd6 33.
g3 h6 34. Nf3 Re4 35. Ne5 Rxe1+ 36. Bxe1 Bh5 37. Nxc6 f6 38. Kd2 Bf3 39. Nd4
Bd5 40. Kd3 Kd7 41. c4 Bg2 42. f5 Bf1+ 43. Kc3 exf5 44. Nxf5 Bf8 45. Bd2 Bh3
46. Nd4 Bd6 47. b3 c5 48. Nf3 Bg4 49. Ne1 Be5+ 50. Kc2 Bf5+ 51. Nd3 Bd4 52. Bf4
g5 53. Bb8 Be4 54. Kd2 h5 55. Ke2 Kc6 56. h3 Bf5 57. h4 gxh4 58. gxh4 Bxd3+ 59.
Kxd3 Be5 60. Ba7 f5 61. b4 cxb4 62. Bf2 b3 63. Be3 a5 64. Bd2 a4 65. Bb4 b2 66.
Kc2 f4 67. Kb1 f3 68. Be1 Bd4 0-1

[Event "Deutsche Ländermeisterschaft 2012"]
[Site "Hannover GER"]
[Date "2012.10.01"]
[Round "5"]
[White "Schröder, Jan-Christian"]
[Black "Ruff, Maximilian"]
[Result "1-0"]
[Termination "normal"]
[Board "2.2"]
[WhiteTitle "14"]
[BlackTitle "16"]
[WhiteElo "2349"]
[BlackElo "2099"]
[WhiteTeam "Hessen 1"]
[BlackTeam "Baden"]
[PlyCount "89"]
[WhiteFideId "24662259"]
[BlackFideId "1271670"]
[EventCountry "GER"]
[EventRounds "7"]
[EventType "team-swiss"]
[EventDate "2012.09.28"]

1. e4 e5 2. Nf3 Nc6 3. Bb5 a6 4. Ba4 Nf6 5. O-O Be7 6. Re1 b5 7. Bb3 d6 8. c3
O-O 9. d4 Bg4 10. d5 Na5 11. Bc2 c5 12. Nbd2 c4 13. b4 cxb3 14. axb3 Qc7 15.
Nf1 Rfc8 16. Bd2 Nb7 17. Ne3 Bd7 18. b4 a5 19. Bd3 Qb6 20. Qe2 axb4 21. cxb4
Ra4 22. Rxa4 bxa4 23. Nc4 Qd8 24. h3 Be8 25. Ra1 Ra8 26. Be3 a3 27. Rxa3 Rxa3
28. Nxa3 Qa8 29. Qb2 Qa4 30. Bc2 Qa8 31. Nc4 Bb5 32. Nfd2 Qa6 33. Na3 Bd7 34.
Qc3 Nh5 35. Qc7 Qxa3 36. Qxd7 Bf8 37. Qxb7 Qc1+ 38. Kh2 Qxc2 39. Qc6 Qd1 40. b5
Nf4 41. Bxf4 exf4 42. Nf3 Qe2 43. b6 Qxf2 44. b7 Qg3+ 45. Kg1 1-0

[Event "Deutsche Ländermeisterschaft 2012"]
[Site "Hannover GER"]
[Date "2012.10.01"]
[Round "5"]
[White "Becker, Matthias"]
[Black "Hahn, Markus"]
[Result "1/2-1/2"]
[Termination "normal"]
[Board "2.3"]
[WhiteTitle "18"]
[BlackTitle "18"]
[WhiteElo "2024"]
[BlackElo "2195"]
[WhiteTeam "Baden"]
[BlackTeam "Hessen 1"]
[PlyCount "81"]
[WhiteFideId "12915564"]
[BlackFideId "24654647"]
[EventCountry "GER"]
[EventRounds "7"]
[EventType "team-swiss"]
[EventDate "2012.09.28"]

1. e4 c5 2. Nf3 e6 3. d4 cxd4 4. Nxd4 a6 5. Nc3 Qc7 6. g3 b5 7. Bg2 Bb7 8. O-O
Nc6 9. Re1 Nxd4 10. Qxd4 Qc4 11. Qxc4 bxc4 12. Na4 Rc8 13. Nb6 Rc7 14. Bf4 d6
15. Bd2 Nf6 16. Bc3 Nd7 17. Nxd7 Kxd7 18. Rad1 f6 19. Rd4 Be7 20. Red1 Rhc8 21.
Bb4 Rc6 22. f4 a5 23. Bxd6 Rxd6 24. Rxd6+ Bxd6 25. e5 Bd5 26. exd6 Kxd6 27. f5
Ke5 28. fxe6 Bxg2 29. Kxg2 Kxe6 30. Kf3 a4 31. Re1+ Kd6 32. Re3 Rb8 33. b3 axb3
34. axb3 cxb3 35. cxb3 Rb4 36. Ke2 h5 37. Kd2 h4 38. Kc3 Rg4 39. b4 hxg3 40.
hxg3 Kc6 41. Rd3 1/2-1/2

[Event "Deutsche Ländermeisterschaft 2012"]
[Site "Hannover GER"]
[Date "2012.10.01"]
[Round "5"]
[White "Galkin, Wladislaw"]
[Black "Frey, Alisa"]
[Result "1/2-1/2"]
[Termination "normal"]
[Board "2.4"]
[WhiteTitle "16"]
[BlackTitle "20w"]
[WhiteElo "2091"]
[BlackElo "2005"]
[WhiteTeam "Hessen 1"]
[BlackTeam "Baden"]
[PlyCount "47"]
[WhiteFideId "4603192"]
[BlackFideId "24634662"]
[EventCountry "GER"]
[EventRounds "7"]
[EventType "team-swiss"]
[EventDate "2012.09.28"]

1. c4 e5 2. g3 Nf6 3. Bg2 d5 4. cxd5 Nxd5 5. Nc3 Nb6 6. Nf3 Nc6 7. O-O Be7 8.
d3 O-O 9. a3 Be6 10. b4 a5 11. b5 Nd4 12. Bb2 Bb3 13. Qc1 f6 14. Nxd4 exd4 15.
Ne4 Na4 16. Nd2 Bd5 17. Nf3 Nxb2 18. Qxb2 f5 19. Nxd4 Bf6 20. Bxd5+ Qxd5 21. e3
Rad8 22. Rac1 Bxd4 23. exd4 Rf7 24. Rc5 1/2-1/2

[Event "Deutsche Ländermeisterschaft 2012"]
[Site "Hannover GER"]
[Date "2012.10.01"]
[Round "5"]
[White "Riehle, Marco"]
[Black "Bluhm, Sonja Maria"]
[Result "1-0"]
[Termination "normal"]
[Board "2.5"]
[WhiteTitle "14"]
[BlackTitle "14w"]
[WhiteElo "1818"]
[BlackElo "1981"]
[WhiteTeam "Baden"]
[BlackTeam "Hessen 1"]
[PlyCount "63"]
[WhiteFideId "12904392"]
[BlackFideId "24654027"]
[EventCountry "GER"]
[EventRounds "7"]
[EventType "team-swiss"]
[EventDate "2012.09.28"]

1. e4 e5 2. Nf3 Nc6 3. Bc4 Bc5 4. c3 Nf6 5. d4 exd4 6. cxd4 Bb4+ 7. Kf1 d5 8.
exd5 Nxd5 9. Nc3 Bxc3 10. bxc3 O-O 11. h4 Bf5 12. Ng5 Nce7 13. Ba3 c6 14. Qf3
Be6 15. Nxe6 fxe6 16. Qe4 Rf6 17. Re1 Nf5 18. Rh3 Qc7 19. Qe5 Qf7 20. Re2 Re8
21. g4 Nfe3+ 22. Rhxe3 Nxe3+ 23. Qxe3 h6 24. Bd6 Qd7 25. Bg3 Kf8 26. Qe5 Kf7
27. g5 hxg5 28. hxg5 Rf3 29. g6+ Kf8 30. Bxe6 Qe7 31. Qd6 Rf6 32. Qxe7+ 1-0

[Event "Deutsche Ländermeisterschaft 2012"]
[Site "Hannover GER"]
[Date "2012.10.01"]
[Round "5"]
[White "Liez, Franziska"]
[Black "Martin, Julian"]
[Result "1/2-1/2"]
[Termination "normal"]
[Board "2.6"]
[WhiteTitle "16w"]
[BlackTitle "12"]
[WhiteElo "1920"]
[BlackElo "1784"]
[WhiteTeam "Hessen 1"]
[BlackTeam "Baden"]
[PlyCount "120"]
[WhiteFideId "1271766"]
[BlackFideId "12941000"]
[EventCountry "GER"]
[EventRounds "7"]
[EventType "team-swiss"]
[EventDate "2012.09.28"]

1. e4 e5 2. Nf3 Nc6 3. Nc3 Bc5 4. Nxe5 Nxe5 5. d4 Bd6 6. dxe5 Bxe5 7. Bc4 Nf6
8. Qf3 Qe7 9. Bd3 d5 10. Bg5 Bxc3+ 11. bxc3 dxe4 12. Bxf6 exf3+ 13. Bxe7 fxg2
14. Rg1 Kxe7 15. Rxg2 g6 16. Rg3 Be6 17. Re3 Rhe8 18. Be4 c6 19. Rb1 Rab8 20.
Rb4 Kd7 21. a3 Kc7 22. Rd4 Rbd8 23. Ke2 Rd7 24. Bd3 Rde7 25. Kd2 Rd7 26. Rh4 h5
27. Kc1 Rg8 28. Rg3 Bg4 29. h3 g5 30. Rhxg4 hxg4 31. Rxg4 Rh8 32. Rxg5 Rxh3 33.
Kb2 Rf3 34. Rg2 Re7 35. Kc1 Re5 36. Kd2 Ra5 37. Ke2 Rf6 38. f3 Rxa3 39. c4 Ra5
40. Be4 Re6 41. Kd2 Rae5 42. Rg7 Re7 43. Kc3 f6 44. Rg1 Rg5 45. Ra1 a6 46. Rf1
Rg3 47. Kb4 Kb6 48. c5+ Kc7 49. Bd3 Re3 50. Be4 f5 51. Bxf5 Rgxf3 52. Rxf3 Rxf3
53. Bd3 Rxd3 54. cxd3 b6 55. cxb6+ Kxb6 56. d4 a5+ 57. Kc4 Ka6 58. Kc5 Kb7 59.
d5 cxd5 60. Kxd5 Kb6 1/2-1/2

[Event "Deutsche Ländermeisterschaft 2012"]
[Site "Hannover GER"]
[Date "2012.10.01"]
[Round "5"]
[White "Wiesner, Paula"]
[Black "Nothnagel, Marian Can"]
[Result "1-0"]
[Termination "normal"]
[Board "2.7"]
[WhiteTitle "14w"]
[BlackTitle "12"]
[WhiteElo "1810"]
[BlackElo "1738"]
[WhiteTeam "Baden"]
[BlackTeam "Hessen 1"]
[PlyCount "117"]
[WhiteFideId "24654019"]
[BlackFideId "12921530"]
[EventCountry "GER"]
[EventRounds "7"]
[EventType "team-swiss"]
[EventDate "2012.09.28"]

1. d4 Nf6 2. c4 g6 3. Nc3 Bg7 4. e4 d6 5. Be2 O-O 6. Bg5 c5 7. d5 e6 8. Qd2
exd5 9. exd5 Re8 10. Nf3 Bf5 11. O-O Qc7 12. Nh4 Bd7 13. h3 Na6 14. Rfe1 Ne4
15. Nxe4 Rxe4 16. Bd3 Ree8 17. a3 f5 18. Nf3 Rxe1+ 19. Rxe1 Re8 20. Rxe8+ Bxe8
21. Qe3 Qd7 22. b3 Nc7 23. Qe7 Bf8 24. Qd8 b5 25. Bc2 h6 26. Bf6 Qxd8 27. Bxd8
Na6 28. Nh4 b4 29. a4 Kg7 30. f4 Nb8 31. g4 fxg4 32. hxg4 Nd7 33. Kg2 Nf6 34.
Kf3 Bf7 35. f5 g5 36. Ng6 Bxg6 37. fxg6 Nd7 38. Bf5 Ne5+ 39. Ke3 Nxg6 40. Bc7
Ne7 41. Be6 Kf6 42. Ke4 Ng6 43. Bb8 Be7 44. a5 Bd8 45. Bxd6 Bxa5 46. Bxc5 Nf4
47. Bc8 h5 48. gxh5 Nxh5 49. d6 Nf4 50. Bxa7 Kf7 51. Kf5 Nd3 52. Be6+ Ke8 53.
Kxg5 Bd8+ 54. Kf5 Nc1 55. c5 Nd3 56. c6 Ne5 57. Kxe5 Bc7 58. dxc7 Ke7 59. Bc5+
1-0

[Event "Deutsche Ländermeisterschaft 2012"]
[Site "Hannover GER"]
[Date "2012.10.01"]
[Round "5"]
[White "Graf, Clara Victoria"]
[Black "Lohrmann, Tabea"]
[Result "1-0"]
[Termination "normal"]
[Board "2.8"]
[WhiteTitle "12w"]
[BlackTitle "12w"]
[WhiteElo "1740"]
[BlackElo "1449"]
[WhiteTeam "Hessen 1"]
[BlackTeam "Baden"]
[PlyCount "73"]
[WhiteFideId "1270339"]
[BlackFideId "12911941"]
[EventCountry "GER"]
[EventRounds "7"]
[EventType "team-swiss"]
[EventDate "2012.09.28"]

1. e4 e5 2. Nf3 Nc6 3. Bb5 a6 4. Bxc6 dxc6 5. O-O Bd6 6. d4 exd4 7. Qxd4 Bg4 8.
Qxg7 Qf6 9. Qxg4 Ne7 10. Qg5 Qxg5 11. Bxg5 O-O-O 12. Nc3 Kb8 13. Rad1 Rde8 14.
Bxe7 Rxe7 15. Nd4 Rd8 16. Nf5 Ree8 17. Nxd6 cxd6 18. f3 Kc7 19. Kf2 Kd7 20. g3
Ke6 21. f4 Kf6 22. Kf3 Ke6 23. Rfe1 Kf6 24. e5+ dxe5 25. Rxd8 Rxd8 26. fxe5+
Kf5 27. Rd1 Re8 28. Re1 Re6 29. Ne4 Rxe5 30. Nd6+ Kf6 31. Rxe5 Kxe5 32. Nxf7+
Kf6 33. Nd8 b5 34. Nxc6 Kf5 35. Nb8 a5 36. Nc6 a4 37. Nd4+ 1-0

[Event "Deutsche Ländermeisterschaft 2012"]
[Site "Hannover GER"]
[Date "2012.10.01"]
[Round "5"]
[White "Yankelevich, Lev"]
[Black "Florstedt, Johannes"]
[Result "1/2-1/2"]
[Termination "normal"]
[Board "3.2"]
[WhiteTitle "16"]
[BlackTitle "16"]
[WhiteElo "2178"]
[BlackElo "2056"]
[WhiteTeam "Rheinland-Pfalz"]
[BlackTeam "Nordrhein-Westfalen"]
[PlyCount "55"]
[WhiteFideId "24684074"]
[BlackFideId "12922293"]
[EventCountry "GER"]
[EventRounds "7"]
[EventType "team-swiss"]
[EventDate "2012.09.28"]

1. e4 e6 2. b3 d5 3. Bb2 dxe4 4. Nc3 Nf6 5. g4 c5 6. Bg2 Nc6 7. Nxe4 Be7 8. d3
Nxe4 9. dxe4 Qa5+ 10. Qd2 Qxd2+ 11. Kxd2 e5 12. h3 Bg5+ 13. Ke2 Nd4+ 14. Bxd4
cxd4 15. Nf3 Bf4 16. Ne1 b6 17. Kd1 h5 18. gxh5 Rxh5 19. Nd3 Rh4 20. Nb4 Be6
21. a4 a5 22. Nd5 Bxd5 23. exd5 Rc8 24. b4 axb4 25. Rb1 f5 26. Rxb4 d3 27. cxd3
Rc1+ 28. Ke2 1/2-1/2

[Event "Deutsche Ländermeisterschaft 2012"]
[Site "Hannover GER"]
[Date "2012.10.01"]
[Round "5"]
[White "Schröder, Kevin"]
[Black "Stahnecker, Ludwig"]
[Result "1-0"]
[Termination "normal"]
[Board "3.3"]
[WhiteTitle "12"]
[BlackTitle "16"]
[WhiteElo "2009"]
[BlackElo "2110"]
[WhiteTeam "Nordrhein-Westfalen"]
[BlackTeam "Rheinland-Pfalz"]
[PlyCount "63"]
[WhiteFideId "12929840"]
[BlackFideId "24692026"]
[EventCountry "GER"]
[EventRounds "7"]
[EventType "team-swiss"]
[EventDate "2012.09.28"]

1. e4 c5 2. Nf3 e6 3. d4 cxd4 4. Nxd4 a6 5. Bd3 Nc6 6. Nb3 Nf6 7. Qe2 Qc7 8.
Nc3 Be7 9. O-O O-O 10. f4 d6 11. Bd2 Nd7 12. Rf3 Re8 13. e5 g6 14. exd6 Bxd6
15. Ne4 Bf8 16. Rh3 Bg7 17. Rf1 b5 18. Ng5 Nf8 19. f5 f6 20. fxg6 hxg6 21. Bxg6
Nxg6 22. Qh5 Nf8 23. Nh7 f5 24. Qxe8 Bb7 25. Qh5 Ne5 26. Nxf8 Kxf8 27. Bb4+ Kg8
28. Qh7+ Kf7 29. Rg3 Rg8 30. Qh5+ Kf6 31. Nd4 Be4 32. Qh4+ 1-0

[Event "Deutsche Ländermeisterschaft 2012"]
[Site "Hannover GER"]
[Date "2012.10.01"]
[Round "5"]
[White "Perske, Thore"]
[Black "Kuckling, Hannah"]
[Result "1-0"]
[Termination "normal"]
[Board "3.4"]
[WhiteTitle "14"]
[BlackTitle "16w"]
[WhiteElo "2056"]
[BlackElo "1845"]
[WhiteTeam "Rheinland-Pfalz"]
[BlackTeam "Nordrhein-Westfalen"]
[PlyCount "105"]
[WhiteFideId "12902195"]
[BlackFideId "24603660"]
[EventCountry "GER"]
[EventRounds "7"]
[EventType "team-swiss"]
[EventDate "2012.09.28"]

1. e4 c5 2. Nf3 e6 3. d4 cxd4 4. Nxd4 Nc6 5. Nc3 Qc7 6. Be3 a6 7. a4 b6 8. Bd3
Bb7 9. O-O Nf6 10. Nb3 Be7 11. f4 d6 12. Nd4 O-O 13. Qf3 Rad8 14. Kh1 Nxd4 15.
Bxd4 e5 16. Be3 d5 17. fxe5 Qxe5 18. Bf4 dxe4 19. Nxe4 Bxe4 20. Bxe5 Bxf3 21.
Rxf3 Nd7 22. Bg3 a5 23. Re1 Bf6 24. b3 Nc5 25. Bc4 h6 26. Bc7 Rd2 27. Bxb6 Nb7
28. Rf2 Rxf2 29. Bxf2 Rd8 30. Bd3 g6 31. g3 Kf8 32. Kg2 Be7 33. Re5 Bb4 34. Kf3
Rc8 35. Be3 g5 36. Ba6 Rc7 37. Bxb7 Rxb7 38. Bc5+ Kg7 39. Bxb4 axb4 40. Rb5 Rc7
41. Rxb4 Rxc2 42. a5 Rc3+ 43. Ke4 f5+ 44. Kd4 Rc8 45. a6 Ra8 46. Rb7+ Kg6 47.
a7 Kh5 48. b4 Kg4 49. b5 f4 50. gxf4 gxf4 51. b6 f3 52. Rg7+ Kh4 53. b7 1-0

[Event "Deutsche Ländermeisterschaft 2012"]
[Site "Hannover GER"]
[Date "2012.10.01"]
[Round "5"]
[White "Sabirov, Ramil"]
[Black "Carow, Annelen"]
[Result "1/2-1/2"]
[Termination "normal"]
[Board "3.5"]
[WhiteTitle "14"]
[BlackTitle "20w"]
[WhiteElo "1841"]
[BlackElo "1968"]
[WhiteTeam "Nordrhein-Westfalen"]
[BlackTeam "Rheinland-Pfalz"]
[PlyCount "118"]
[WhiteFideId "12900303"]
[BlackFideId "24692492"]
[EventCountry "GER"]
[EventRounds "7"]
[EventType "team-swiss"]
[EventDate "2012.09.28"]

1. e4 c5 2. Nf3 e6 3. d3 Nc6 4. g3 d6 5. Bg2 Nge7 6. O-O g6 7. c3 Bg7 8. Qe2
O-O 9. Be3 e5 10. Nfd2 Rb8 11. a4 a6 12. Na3 b5 13. axb5 axb5 14. Rfb1 b4 15.
Nac4 Qc7 16. Qd1 Bb7 17. Nb3 Kh8 18. Nca5 Nxa5 19. Nxa5 Bc8 20. Nc4 f5 21. cxb4
Rxb4 22. Bd2 Rb8 23. b4 fxe4 24. bxc5 d5 25. Ba5 Rxb1 26. Rxb1 Qxc5 27. Bb6 Qc6
28. Na5 Qf6 29. dxe4 d4 30. Rb2 Be6 31. Bc5 Rc8 32. Rc2 Ng8 33. Qd3 Nh6 34. h3
Bf8 35. Nb7 Rb8 36. Bxf8 Rxf8 37. Nc5 Bc8 38. Qb5 Nf7 39. Ra2 Ng5 40. Kh2 Ne6
41. Nd3 Ng5 42. Qxe5 Qxe5 43. Nxe5 Bb7 44. Re2 Kg7 45. f4 Ne6 46. Rd2 Rd8 47.
Nd3 Ba6 48. Nb4 Bb5 49. e5 Bc4 50. g4 Nxf4 51. Nc6 Rd7 52. Rxd4 Rxd4 53. Nxd4
Ne6 54. Nf3 Bd5 55. Bf1 Nc5 56. Nd4 Nd7 57. Bg2 Bxg2 58. e6 Nc5 59. Kxg2 Kf6
1/2-1/2

[Event "Deutsche Ländermeisterschaft 2012"]
[Site "Hannover GER"]
[Date "2012.10.01"]
[Round "5"]
[White "Schwarz, Larissa"]
[Black "Flüchter, Gregor"]
[Result "1/2-1/2"]
[Termination "normal"]
[Board "3.6"]
[WhiteTitle "14w"]
[BlackTitle "14"]
[WhiteElo "1900"]
[BlackElo "1951"]
[WhiteTeam "Rheinland-Pfalz"]
[BlackTeam "Nordrhein-Westfalen"]
[PlyCount "83"]
[WhiteFideId "24699004"]
[BlackFideId "12903396"]
[EventCountry "GER"]
[EventRounds "7"]
[EventType "team-swiss"]
[EventDate "2012.09.28"]

1. e4 c5 2. Nf3 d6 3. d4 cxd4 4. Nxd4 Nf6 5. Nc3 a6 6. Be2 e5 7. Nb3 Be7 8. O-O
O-O 9. Be3 Be6 10. a4 Nbd7 11. f4 exf4 12. Rxf4 Ne5 13. Nd4 Nfd7 14. Nxe6 fxe6
15. Rxf8+ Nxf8 16. a5 Qc7 17. Na4 Qc6 18. Nb6 Rd8 19. Bd3 Bf6 20. Rb1 Nxd3 21.
cxd3 d5 22. exd5 exd5 23. Qb3 Kh8 24. Rc1 Qe6 25. Bf2 Ng6 26. Re1 Qc6 27. Nxd5
Bxb2 28. Qxb2 Qxd5 29. Bd4 Qd7 30. Bb6 Rc8 31. Rc1 Rxc1+ 32. Qxc1 h6 33. d4 Qg4
34. h3 Qe4 35. Qf1 Nf4 36. Kh2 Kh7 37. Qf2 Nd5 38. Bc5 Ne3 39. Qe2 Qf4+ 40. Kh1
Nf1 41. Kg1 Ng3 42. Qd3+ 1/2-1/2